| 000 | 00582 a2200157 4500 | ||
|---|---|---|---|
| 082 | _aBEE-5 | ||
| 100 |
_aWaleed Bin Khalid _993575 |
||
| 245 |
_aAnalysis and filtering of physiological tremor in surgical robotics _cWaleed Bin Khalid |
||
| 260 |
_aIslamabad _bNUST School of Electrical Engineering and Computer Science _c2012 |
||
| 300 |
_a72p. _b:ill. _c:27cm.+ _eCD-ROM |
||
| 500 | _aSupervisors: Dr. Sohail Iqbal, Dr. M. Shahzad Yonus | ||
| 563 | _aHB | ||
| 700 |
_aAhmed Raza _915126 |
||
| 856 | _uhttp://10.250.8.41:8080/xmlui/handle/123456789/9253 | ||
| 942 |
_cPR _kBEE-5 WAL _2ddc |
||
| 999 |
_c11280 _d11280 |
||